000 00705nam a22002537a 4500
001 BR8706071
003 BR-BrBNA
005 20230928092728.0
007 ta
008 230509b bl.||||| |||| 00| 0 por d
040 _aBR-BrBNA
_bpor
_cBiblioteca Nacional de Agricultura
041 _a(Por)
072 _aE80
_b0336
090 _ 0336 BR8706071
100 1 _aSilva, J.G. da
110 1 _aSecretaria da Agricultura, Sao Paulo, SP (Brasil). Depto. da Producao Vegetal
_98510
245 1 _aA soja no prato de cada dia [culinaria]
260 3 _aSao Paulo, SP (Brasil):
_c1959.
300 _a26 p.
650 _aSOJA
650 _aCULINARIA
909 _a202309
_bLucia
_c55
_dLucia Elande
942 _cBK
999 _c40849
_d40849